000 00834nam a22002897a 4500
001 BR7801048
003 BR-BrBNA
005 20230928085532.0
007 ta
008 230509b bl.||||| |||| 00| 0 por d
040 _aBR-BrBNA
_bpor
_cBiblioteca Nacional de Agricultura
041 _a(Por)
072 _aP12; P10
_b/G514
090 _ P12 BR7801048
100 1 _aMacedo, M.V.A. de
110 1 _aDepartamento Nacional de Obras Contra as Secas, Fortaleza, CE (Brasil)
245 1 _aCaracteristicas fisicas e tecnicas dos acudes publicos do Estado do Ceara [Brasil]
260 3 _aFortaleza, CE (Brasil):
_c1977.
300 _a131 p.
650 _aACUDE
650 _aHIDRAULICA AGRICOLA
650 _aQUIMICA DA AGUA
650 _aBARRAGEM
650 _aCEARA
909 _a202309
_bLucia
_c55
_dLucia Elande
942 _cBK
999 _c24968
_d24968